Black Music Research Journal

Detaylı Bibliyografya
Materyal Türü: Elektronik Dergi
Dil:English
Baskı/Yayın Bilgisi: Center for Black Music Research - Columbia College Chicago
Konular:
Online Erişim:Full text available on JSTOR[1980-01-01 - 2016-04-01]
Off-campus access
LEADER 00972cas a2200205 a 4500
001 AALejournalJSTOR003255
008 230228c9999 xx r poo 0 0eng d
022 |a 0276-3605 
040 |a BD-DhAAL  |c BD-DhAAL 
245 0 0 |h [electronic resource]  |a Black Music Research Journal 
260 |b Center for Black Music Research - Columbia College Chicago 
300 |a 1 online resource 
362 0 |a Vol. 1 
500 |a <strong>Off-Campus Access:</strong> Athens ID and Password Required 
500 |a <strong>On-Campus Access:</strong> No User ID or Password Required 
506 |a Electronic access restricted to authorized BRAC University faculty, staff and students 
538 |a Mode of access: Internet 
650 4 |a Arts ; Music 
856 4 0 |z Full text available on JSTOR[1980-01-01 - 2016-04-01]  |u https://www.jstor.org/journal/blacmusiresej 
856 4 0 |z Off-campus access  |u https://go.openathens.net/redirector/bracu.ac.bd?url=https%3A%2F%2Fwww.jstor.org%2Fjournal%2Fblacmusiresej